El absurdo de Auschwitz y el misterio de la cruz

Na minha lista:
Detalhes bibliográficos
Principais autores: Martini, Carlo María (autor), Bettinelli, C (Autor), Formigoni, G (Autor), Gallas, A (Autor), Vecchio, G (Autor)
Formato: Livro
Idioma:espanhol
Publicado em: Pamplona Verbo Divino 1998
coleção:Colección Surcos, 57
Assuntos:
Tags: Adicionar Tag
Sem tags, seja o primeiro a adicionar uma tag!

MARC

LEADER 00000nam a2200000 a 4500
001 UCN0825
003 CL-VaPUC
008 010406e19980000SP |||||||||||||||||spa|d
082 0 4 |a 234.3  |b MAR  |2 21 
100 |a Martini, Carlo María  |e autor  |9 600928 
700 0 |a Bettinelli, C  |e author  |9 456074 
700 0 |a Formigoni, G  |e author  |9 456075 
700 0 |a Gallas, A  |e author  |9 456076 
700 0 |a Vecchio, G  |e author  |9 456077 
245 1 3 |a El absurdo de Auschwitz y el misterio de la cruz 
300 |a 232 p 
942 |c BK 
945 |d 20010406 00:00:00  |a cmena 
260 |a Pamplona  |b Verbo Divino  |c 1998 
650 0 |a Redención  |9 314279 
650 0 |a Creencia Religiosa  |9 316904 
650 0 |a Cristianismo  |9 257361 
583 |a last modification  |c 20130402 07:56:04  |k Rodrigo Vera 
490 0 |a Colección Surcos, 57 
999 |c 294448  |d 294446 
952 |0 0  |1 0  |4 0  |6 234_300000000000000_MAR_1998  |7 0  |8 A  |9 346882  |a BIBTEO  |b BIBTEO  |d 2019-11-20  |i 3640078  |o 234.3 MAR 1998  |p 3640078  |r 2025-01-17  |w 2019-11-20  |y BK  |k ICR